000 00571nam a2200205Ia 4500
005 20250923144758.0
008 008 250917s9999 xx 000 0 eng d
037 _aTextual
040 _aDSWL
_beng
_cDSWL
041 _aeng
_2eng
084 _aY1xM55, K1
_qDSWL
100 _aTonnies, Fardinand
_9828339
245 0 _aCustom an essay on social codes
_cby Fardinand Tonnies
260 _aGlencoe
_bTheFree Press
_c1961
300 _a151p.
365 _aUSD
_b4
925 _g4
942 _cTEXL
_hY1xM55, K1
999 _c1443235
_d1443235